| 000 | 00646nam a2200241Ia 4500 | ||
|---|---|---|---|
| 003 | OSt | ||
| 005 | 20220924131612.0 | ||
| 006 | a|||||r|||| 00| 0 | ||
| 007 | ta | ||
| 008 | 220923b |||||||| |||| 00| 0 san d | ||
| 024 | _a13507 | ||
| 037 | _cTextual | ||
| 040 |
_aARTS _cARTS _bsan |
||
| 041 |
_2san _asan |
||
| 082 | _a/\2:864, 15M41 | ||
| 100 |
_aChaturvedi Shuk Dev comp _9202224 |
||
| 245 | 0 | _aSamudirk Sastra | |
| 260 |
_aVaranasi _bPrachya Prakashan _c1984 |
||
| 300 |
_a114p. _ccm. |
||
| 650 | _aSPIRurdALISM | ||
| 942 |
_h/\2:864, 15M41 _cTEXL _2CC |
||
| 999 |
_c427495 _d427495 |
||